|
|
|
|
| LEADER |
01781nam a2200361 a 4500 |
| 001 |
GR-Patra13653 |
| 008 |
000920s1992 gr g 000 b gre d |
| 040 |
|
|
|a GrPaTEI
|b gre
|c GR-PaULI
|
| 040 |
|
|
|a GrPaTEI
|b gre
|c GR-PaULI
|
| 082 |
|
0 |
|a 697
|2 21
|
| 245 |
0 |
0 |
|a Θέρμανση και κλιματισμός :
|b παρασκευή θερμού νερού χρήσης και ψύξη /
|c Recknagel, Eberhard Sprenger ; μετάφραση Ν.Μ. Δημάκος, Μ. Ζ. Παπαθανασίου
|n 1/2 .
|p θέρμανση.
|
| 250 |
|
|
|a 2η εκδ.
|
| 260 |
|
|
|a Αθήνα :
|b εκδότης: Μόσχος Γκιούρδας,
|c 1992
|
| 300 |
|
|
|a xii, 844σ. : πιν.
|
| 500 |
|
|
|a Τμήμα Ανακαίνισης και Αποκατάστασης Κτιρίων: 29393
|
| 610 |
2 |
4 |
|a Τμήμα Ανακαίνισης και Αποκατάστασης Κτιρίων
|
| 650 |
|
4 |
|a Αρχιτεκτονική
|
| 650 |
|
4 |
|a ΕΓΚΑΤΑΣΤΑΣΕΙΣ
|
| 650 |
|
4 |
|a Θέρμανση
|
| 650 |
|
4 |
|a ΘΕΡΜΟΤΗΤΑ
|
| 650 |
|
4 |
|a ΚΛΙΜΑΤΙΣΜΟΣ
|
| 650 |
|
4 |
|a ΚΤΙΡΙΑ
|
| 650 |
|
4 |
|a ΜΗΧΑΝΙΚΗ ΡΕΥΣΤΩΝ
|
| 700 |
0 |
|
|a RECKNAGEL
|
| 700 |
0 |
|
|a SPRENGER
|
| 700 |
1 |
|
|a Δημάκος, Νίκος Μ.
|
| 700 |
1 |
|
|a ΠΑΠΑΘΑΝΑΣΙΟΥ, Μ.Ζ.
|
| 710 |
0 |
|
|a Γκιούρδας
|
| 942 |
|
|
|2 ddc
|
| 952 |
|
|
|0 0
|1 0
|2 ddc
|4 0
|6 697_000000000000000_REC
|7 0
|9 292678
|a LISK
|b LISK
|c BSC
|d 2021-01-17
|e 24
|f 0
|g 0.00
|l 0
|o 697 REC
|p 92410016867
|r 2021-01-17 00:00:00
|t 1
|w 2021-01-17
|y BK15
|x 20000920 0 1
|x GrPaTEI
|
| 952 |
|
|
|0 0
|1 0
|2 ddc
|4 0
|6 697_000000000000000_REC
|7 0
|9 292679
|a LISK
|b LISK
|c BSC
|d 2021-01-17
|e 24
|f 0
|g 0.00
|l 0
|o 697 REC
|p 92410029393
|r 2021-01-17 00:00:00
|t 1
|w 2021-01-17
|y BK15
|x 20061026 0 1
|x GrPaTEI
|
| 971 |
|
|
|a .b26611685
|b 16-04-20
|c 23-09-16
|
| 999 |
|
|
|c 171070
|d 171070
|